Statistics for Asian Countries - Type the First Letter

Click here to take the quiz!

General Stats

  • This quiz has been taken 42,587 times
  • The average score is 34 of 48

Answers on the Map

Answers color-coded by a green-red scale on the quiz's map according to % correct below.
 

Answer Stats

Country% Correct
China
73%
India
73%
Indonesia
73%
Japan
73%
Bangladesh
72%
Cyprus
72%
Iran
72%
Kazakhstan
72%
Mongolia
72%
Myanmar
72%
Nepal
72%
North Korea
72%
Oman
72%
Pakistan
72%
Philippines
72%
Saudi Arabia
72%
South Korea
72%
Sri Lanka
72%
Taiwan
72%
Thailand
72%
Turkey
72%
Vietnam
72%
Yemen
72%
Afghanistan
71%
Bhutan
71%
Cambodia
71%
Iraq
71%
Israel
71%
Kyrgyzstan
71%
Laos
71%
Malaysia
71%
Maldives
71%
Singapore
71%
Syria
71%
United Arab Emirates
71%
Armenia
70%
Azerbaijan
70%
Bahrain
70%
Brunei
70%
East Timor
70%
Georgia
70%
Jordan
70%
Kuwait
70%
Lebanon
70%
Qatar
70%
Tajikistan
70%
Turkmenistan
70%
Uzbekistan
70%

Score Distribution

Percentile by Number Answered

Percent of People with Each Score

Your Score History

You have not taken this quiz